Phân tích kinh tế trong doanh nghiệp kinh doanh xuất nhập khẩu

Nội dung cuốn sách bao gồm một số vấn đề lý luận về phân tích kinh tế trong các doanh kinh doanh xuất nhập khẩu, phân tích doanh thu hoạt động xuất nhập khẩu, ..., phân tích tình hình tài chính doanh nghiệp....

Cur síos iomlán

Đã lưu trong:
Sonraí Bibleagrafaíochta
Príomhúdar: Nguyễn, Quang Hùng
Formáid: Leabhar
Teanga:Undetermined
Foilsithe: Hà Nội Tài Chính 2010
Ábhair:
Clibeanna: Cuir Clib Leis
Gan Chlibeanna, Bí ar an gcéad duine leis an taifead seo a chlibeáil!
Thư viện lưu trữ: Trung tâm Học liệu Trường Đại học Cần Thơ
LEADER 00976nam a2200205Ia 4500
001 CTU_160971
008 210402s9999 xx 000 0 und d
020 |c 45000 
082 |a 657.86 
082 |b H513 
100 |a Nguyễn, Quang Hùng 
245 0 |a Phân tích kinh tế trong doanh nghiệp kinh doanh xuất nhập khẩu 
245 0 |c Nguyễn Quang Hùng (Chủ biên) 
260 |a Hà Nội 
260 |b Tài Chính 
260 |c 2010 
520 |a Nội dung cuốn sách bao gồm một số vấn đề lý luận về phân tích kinh tế trong các doanh kinh doanh xuất nhập khẩu, phân tích doanh thu hoạt động xuất nhập khẩu, ..., phân tích tình hình tài chính doanh nghiệp. 
650 |a Business enterprises,Doanh nghiệp kinh doanh,Accounting,Kế toán 
904 |i NThơ, Năm 
980 |a Trung tâm Học liệu Trường Đại học Cần Thơ